| 000 | 01460nam a2200349 i 4500 | ||
|---|---|---|---|
| 001 | 000007550 | ||
| 003 | DO-SdBNP | ||
| 005 | 20260205113239.0 | ||
| 006 | a||||gr|||| 00| 0 | ||
| 007 | ta | ||
| 008 | 090909m20012002dr 000 e spa d | ||
| 020 | _a9993483516 | ||
| 040 |
_aDO-SdBNP _bspa _cBNPHU _erda |
||
| 082 | 4 |
_a364.1 _bP936d _222 |
|
| 100 | 1 |
_aPrestol Castillo, Freddy M. _920957 _eautor |
|
| 245 | 1 | 0 |
_aDistribución geográfica del crimen : _bligeras apuntaciones e interpretaciones del delito en la frontera sur (Provincia Bahoruco) / _cFreddy M. Prestol Castillo; Wilfredo Mora, editor; prólogo, Miguel Ángel Prestol. |
| 264 | 1 |
_aSanto Domingo : _bBúho, _c2002. _c©2001 |
|
| 300 |
_a89 páginas : _b22 cm. |
||
| 336 |
_2rdacontent _atexto _btxt |
||
| 337 |
_2rdamedia _asin mediación _bn |
||
| 338 |
_2rdacarrier _avolumen _bnc |
||
| 490 |
_aPensamiento Criminológico Dominicano ; _v2 |
||
| 490 | _aMaestros de la Criminología Dominicana | ||
| 505 |
_aRetrato íntimo (A manera de prólogo). _tPresentación.-- _tDistribución Geográfica del Crimen.-- _tLigeras apuntaciones e interpretaciones del delito en la frontera Sur (Provincia Bahoruco).-- |
||
| 590 | _aInventariado 2024 / MF | ||
| 650 | 4 |
_aCrimen _xAspectos sociológicos _920958 |
|
| 650 | 0 |
_aCriminología _917089 |
|
| 650 | 0 |
_a Delincuentes _917407 |
|
| 700 | 1 |
_aMora, Wilfredo, _d1965- _eeditor _912701 |
|
| 700 | 1 |
_aPrestol, Miguel Angel _96419 _eprólogo |
|
| 942 |
_2ddc _cLBS1 |
||
| 999 |
_c7331 _d7331 |
||